Statistics for Jacksfilms quiz

Click here to take the quiz!

General Stats

  • This quiz has been taken 189 times
  • The average score is 12 of 15

Answer Stats

Hint Answer % Correct
Jacks real nameJohn
99%
YIAY stands foryesterday I asked you
93%
Jack's current girlfriendErin
92%
YGS stands foryour grammar sucks
91%
the name of Jack's dogKlondike
89%
name of Jack's Q&Ajackask
87%
the year Jack reach 2mil subs2015
84%
cool ____cool
84%
the name of Jack's other dogSundae
82%
bad ___?day
80%
what was released on November 20th 2015?ygs100
74%
Jack's favourite letterw
69%
Jack's favourite number7
63%
Jack's Russian friendOlga Kay
54%
Jack's former girlfriendKristen
41%

Score Distribution

Percentile by Number Answered

Percent of People with Each Score

Your Score History

You have not taken this quiz